000 00579cab a2200217 4500
001 X2239
008 090401t1995 xxu||||| |||| 00| 0 eng d
035 _a(Sirsi) u22840
041 _aeng
245 _aReplace CAP, stimulate employment : RICS prosposals for Rural White Paper
260 _c1995
350 _a0
490 _aCSM (Chartered Surveyor Monthly)
_v4(6) April 1995, 12(1)
650 _aCOMMON AGRICULTURAL POLICY
650 _aRICS
650 _aSCOTT COMMITTEE
650 _aWHITE PAPER
690 _aRURAL PRACTICE
942 _n0
948 _c04/03/1997
999 _c15314
_d15314